Grimm's Fairy Tales / (Record no. 452)
[ view plain ]
| 000 -LEADER | |
|---|---|
| fixed length control field | 00626nam a2200241 a 4500 |
| 001 - CONTROL NUMBER | |
| JCCL Control Number | 452 |
| 003 - CONTROL NUMBER IDENTIFIER | |
| JCCL marc code | BD-JhCC |
| 005 - DATE AND TIME OF LATEST TRANSACTION | |
| control field | 20210329134018.0 |
| 008 - FIXED-LENGTH DATA ELEMENTS--GENERAL INFORMATION | |
| fixed length control field | 171005s20012006ii |||| ||a| 001 0 eng d |
| 020 ## - INTERNATIONAL STANDARD BOOK NUMBER | |
| International Standard Book Number | 8187233729 |
| 035 ## - SYSTEM CONTROL NUMBER | |
| system control number | (BD-JhCC)452 |
| 040 ## - CATALOGING SOURCE | |
| Original cataloging agency | BD-JhCC |
| Modifying agency | BD-JhCC |
| 041 ## - LANGUAGE CODE | |
| Language code of Book | eng |
| 082 ## - DEWEY DECIMAL CLASSIFICATION NUMBER | |
| Classification number | 898.20943 |
| Author mark and Year | GRI 2006 |
| 100 ## - MAIN ENTRY--PERSONAL NAME | |
| Personal name | Grimm's |
| 245 ## - TITLE STATEMENT | |
| Title | Grimm's Fairy Tales / |
| Statement of responsibility, etc | |
| Remainder of title | Grimm's |
| 260 ## - PUBLICATION, DISTRIBUTION, ETC. (IMPRINT) | |
| Place of publication, distribution, etc | New Delhi : |
| Name of publisher, distributor, etc | Efficient Offset Printers; |
| Date of publication, distribution, etc | 2006 |
| 300 ## - PHYSICAL DESCRIPTION | |
| Pagination | 208 p. : |
| Dimensions | 20cm. |
| Other physical details | ill. ; |
| 490 ## - SERIES STATEMENT | |
| Series statement | Infinity's Illustrated Classics |
| 650 ## - SUBJECT ADDED ENTRY--TOPICAL TERM | |
| Topical term or geographic name as entry element | Fairy tales |
| 942 ## - ADDED ENTRY ELEMENTS (KOHA) | |
| Source of classification or shelving scheme | Dewey Decimal Classification |
| Koha item type | Books |
| Koha issues (borrowed), all copies | 2 |
| Source of classification or shelving scheme | Damaged status | Not for loan | Home library | Current library | Shelving location | Date of accession | Source of acquisition | Cost, normal purchase price | Total Checkouts | Full call number | Barcode | Date last seen | Date checked out | Copy number | Koha item type |
|---|---|---|---|---|---|---|---|---|---|---|---|---|---|---|---|
| Dewey Decimal Classification | JCC Rouf Library | JCC Rouf Library | General Stacks | 05/15/2023 | IPDC | 175.00 | 3 | 898.20943 AHM 2011 | 1500 | 05/22/2023 | 05/15/2023 | C-1 | Books |